| 000 | 00516nam a2200157Ia 4500 | ||
|---|---|---|---|
| 008 | 210716s2003 xx 000 0 und d | ||
| 020 | _a8126503653 | ||
| 041 | _aeng | ||
| 082 | _a005.761 IMHC | ||
| 100 | _aImhoff, Claudia;Galemmo, Nicholas;Geiger, Jonathan G. | ||
| 245 |
_aMastering data warehouse design: relational and dimensional techniques. _bRelational and dimensional techniques. |
||
| 250 | _a1 | ||
| 260 |
_aNew Delhi _bWiley Dreamtech Pvt Ltd _c2003 |
||
| 300 | _axv,438 | ||
| 650 | _aData Warehousing | ||
| 999 |
_c186782 _d186782 |
||